Statistics for 2021-22 NFL Lineups - Running Backs

Click here to take the quiz!

General Stats

  • This quiz has been taken 121 times
  • The average score is 62 of 122

Answer Stats

Answer% Correct
Ezekiel Elliott
92%
Joe Mixon
92%
Christian McCaffrey
91%
Derrick Henry
89%
Dalvin Cook
88%
James Conner
88%
Najee Harris
88%
Aaron Jones
87%
Alvin Kamara
87%
Damien Harris
87%
Josh Jacobs
87%
D'Andre Swift
85%
Jonathan Taylor
85%
Cordarrelle Patterson
84%
David Montgomery
84%
Jamaal Williams
83%
Javonte Williams
83%
Austin Ekeler
81%
Devin Singletary
81%
Leonard Fournette
81%
Ronald Jones II
81%
Tony Pollard
81%
Chris Carson
79%
Damien Williams
79%
Miles Sanders
79%
Ty'Son Williams
79%
Darrel Williams
77%
Melvin Gordon
77%
Tony Jones
77%
AJ Dillon
76%
James Robinson
76%
J.K. Dobbins
76%
Jaret Patterson
75%
Taiwan Jones
75%
Gus Edwards
73%
Patrick Taylor
73%
Darrell Henderson
71%
David Johnson
71%
Travis Etienne
71%
Nick Chubb
69%
Raheem Mostert
69%
Rashaad Penny
69%
Saquon Barkley
68%
Mark Ingram
67%
Zack Moss
67%
Chase Edmonds
65%
D'Ernest Johnson
65%
Duke Johnson
64%
Alexander Mattison
63%
Chuba Hubbard
63%
Michael Carter
63%
Elijah Mitchell
61%
Elijhaa Penny
61%
Ty Johnson
61%
Kareem Hunt
60%
Marlon Mack
59%
Antonio Gibson
57%
Boston Scott
57%
Clyde Edwards-Helaire
57%
James White
56%
Justin Jackson
56%
Mike Davis
56%
Nyheim Hines
55%
Rhamondre Stevenson
55%
Samaje Perine
55%
Devonta Freeman
53%
Kenyan Drake
53%
Myles Gaskin
52%
Sony Michel
52%
Deon Jackson
49%
D'Onta Foreman
49%
Rex Burkhead
49%
Latavius Murray
48%
Royce Freeman
48%
Khalil Herbert
47%
Kenneth Gainwell
45%
Phillip Lindsay
41%
Jeff Wilson
40%
Kylin Hill
40%
Eno Benjamin
37%
Benny Snell Jr.
36%
Matt Breida
36%
Tevin Coleman
36%
J.D. McKissic
33%
Jerick McKinnon
31%
Joshua Kelly
29%
Giovani Bernard
28%
Malcolm Brown
28%
Travis Homer
28%
Trey Sermon
27%
Ameer Abdullah
25%
Derrick Gore
25%
Jordan Howard
25%
Carlos Hyde
24%
Chris Evans
24%
DeeJay Dallas
24%
Jamycal Hasty
23%
Ke'Shawn Vaughn
23%
Devontae Booker
19%
Salvon Ahmed
16%
Brandon Bolden
15%
Corey Clement
15%
Dontrell Hilliard
15%
Alex Collins
13%
Mike Boone
13%
Dare Ogunbowale
8%
Demetric Felton
8%
Dwayne Washington
8%
Jonathan Ward
7%
Peyton Barber
7%
Qadree Ollison
7%
Gary Brightwell
5%
Jake Funk
5%
Larry Rountree
5%
Godwin Igwebuike
4%
Jalen Richard
4%
Kalen Ballage
4%
Kene Nwangwu
4%
Damarea Crockett
3%
Ryan Nall
1%
Trenton Cannon
1%
Buddy Howell
0%

Score Distribution

Percentile by Number Answered

Percent of People with Each Score

Your Score History

You have not taken this quiz